[Event "Individual Zaragoza Primera 2015"]
[Site ""]
[Date "2015.11.08"]
[Round "6.17"]
[White "Nuñez Gonzalez Victor Antonio"]
[Black "Gimeno Royo José Andrés"]
[Result "0-1"]
[WhiteElo "1824"]
[BlackElo "1694"]

1.d4 f5 2.c4 g6 3.Nc3 Nf6 4.Bg5 Bg7 5.Bxf6 Bxf6 6.e3 O-O 7.Nf3 d6 8.Rc1 c6 9.
Qc2 e5 10.d5 e4 11.Nd4 c5 12.Nde2 Nd7 13.Rb1 Ne5 14.Nc1 b6 15.Be2 Ba6 16.Qa4
Bc8 17.O-O Bd7 18.Qc2 a6 19.a4 Qe8 20.Ra1 g5 21.b3 g4 22.f3 gxf3 23.gxf3 Kh8
24.f4 Rg8+ 25.Kh1 Qg6 26.Bd1 Nf3 27.Bxf3 exf3 28.N1a2 Qg2+ 29.Qxg2 fxg2+ 30.
Kg1 gxf1=Q+ 31.Kxf1 Rg6 0-1

[Event "Individual Zaragoza Primera 2015"]
[Site ""]
[Date "2015.11.08"]
[Round "6.18"]
[White "Merin Flores Miguel Angel"]
[Black "Abad Viñas Jesús Manuel"]
[Result "1-0"]
[WhiteElo "1732"]
[BlackElo "1810"]

1.d4 d5 2.c4 c6 3.Nc3 dxc4 4.a4 Bd7 5.e4 b5 6.Bf4 a5 7.axb5 cxb5 8.Nf3 e6 9.
Be2 Bb4 10.O-O Bxc3 11.bxc3 Nf6 12.Qc2 h6 13.Bd6 Ra6 14.Bc5 Bc6 15.Nd2 Nbd7
16.Ba3 Qb8 17.Rfb1 Rb6 18.e5 Nh7 19.Bd6 Qa8 20.Bf3 Bxf3 21.Nxf3 a4 22.Nd2 Qd5
23.Bb4 Rg8 24.Qxh7 Rf8 25.Qxg7 Rb7 26.Qg3 f5 27.Qf3 Qxf3 28.Nxf3 Rg8 29.Nd2
Nb6 30.Ba5 Nd5 31.Nxc4 Rbg7 32.Nd6+ Kd7 33.g3 f4 34.Rxb5 fxg3 35.hxg3 Rg4 36.
Rb7+ Kc6 37.Rxa4 1-0

[Event "Individual Zaragoza Primera 2015"]
[Site ""]
[Date "2015.11.08"]
[Round "6.19"]
[White "Moreno Martin-Viveros Alvaro"]
[Black "Ibañez Lasheras Ramón"]
[Result "1-0"]
[WhiteElo "1806"]
[BlackElo "1680"]

1.e4 e6 2.d3 d5 3.Nd2 c5 4.Ngf3 Nc6 5.g3 d4 6.Bg2 Be7 7.O-O e5 8.a4 Nf6 9.h3
Be6 10.Ng5 Qd7 11.Nxe6 Qxe6 12.Nc4 O-O 13.f4 exf4 14.Bxf4 Nd7 15.Qh5 g6 16.Qd5
Rad8 17.Bh6 Rfe8 18.Qxe6 fxe6 19.h4 Bf8 20.Bxf8 Rxf8 21.Bh3 e5 22.Nd6 Nf6 23.
Nxb7 Rb8 24.Nxc5 Rxb2 25.Be6+ Kg7 26.Bb3 Nd8 27.a5 Ng4 28.Rxf8 Kxf8 29.Na4
Rxb3 30.cxb3 Nc6 31.Rc1 Nxa5 32.b4 Nb3 33.Rc8+ Ke7 34.Rc7+ Ke6 35.Rxa7 Nf6 36.
b5 1-0

[Event "Individual Zaragoza Primera 2015"]
[Site ""]
[Date "2015.11.08"]
[Round "6.21"]
[White "Carrasquer Alonso Luis"]
[Black "Garcia Lasheras Miguel Angel"]
[Result "1-0"]
[WhiteElo "1647"]
[BlackElo "1774"]

1.e4 c5 2.Nf3 d6 3.d4 cxd4 4.Nxd4 Nf6 5.Nc3 Nc6 6.Bb5 Bd7 7.O-O g6 8.Be3 Bg7
9.Qd2 Ng4 10.Nxc6 bxc6 11.Bc4 Nxe3 12.fxe3 O-O 13.Rf3 Qc7 14.Raf1 Be6 15.Bb3
Qd7 16.Qf2 Bxb3 17.axb3 Qe6 18.Qh4 h6 19.g4 Qe5 20.Qf2 f6 21.Qd2 Rf7 22.Qd4
Qe6 23.Qc4 Qxc4 24.bxc4 e6 25.Ne2 e5 26.Ra1 a5 27.b4 a4 28.Nc3 Rb7 29.b5 cxb5
30.Nxb5 Rb6 31.Rff1 Rc6 32.Na3 Rb6 33.Rfb1 Raa6 34.Rxb6 Rxb6 35.Rb1 Rxb1+ 36.
Nxb1 Kf7 37.Kf1 Ke6 38.Ke2 f5 39.exf5+ gxf5 40.gxf5+ Kxf5 41.Nc3 e4 42.Nxa4
Kg4 43.c5 dxc5 44.Nxc5 Kf5 45.c4 Ke5 46.Kf2 Bf6 47.Nd7+ Ke6 48.Nxf6 Kxf6 49.
Kg3 Ke5 50.Kg4 Kd6 51.Kf4 Kc5 52.Kxe4 Kxc4 53.Ke5 Kc5 54.Ke6 Kc6 55.e4 Kc7 56.
Ke7 h5 57.e5 Kc6 58.e6 Kd5 59.Kf7 Ke5 60.e7 1-0

[Event "Individual Zaragoza Primera 2015"]
[Site ""]
[Date "2015.11.08"]
[Round "6.22"]
[White "Rodrigo Bordetas David"]
[Black "Pintanel Torres Manuel"]
[Result "0-1"]
[WhiteElo "1754"]
[BlackElo "1551"]

1.e4 e5 2.Nf3 d6 3.d4 Nc6 4.Bb5 Bd7 5.c3 Be7 6.O-O Nf6 7.Re1 O-O 8.h3 a6 9.Ba4
b5 10.Bc2 h6 11.Nbd2 Re8 12.Nf1 Bf8 13.Ng3 exd4 14.cxd4 Nb4 15.Bb3 c5 16.a3
Nc6 17.d5 Ne7 18.Nh4 Nh7 19.Qh5 Nf6 20.Qf3 Nfxd5 21.Rd1 c4 22.exd5 cxb3 23.
Qxb3 Nxd5 24.Ngf5 Bc6 25.Qg3 Kh7 26.b4 Qf6 27.Rb1 Qe5 28.Qd3 Qe4 29.Bb2 g6 30.
Qd4 Qxd4 31.Nxd4 Bb7 32.Nhf3 Rac8 33.Rbc1 Bg7 34.Nd2 Nf4 35.Rxc8 Rxc8 36.N2f3
Bxf3 37.gxf3 Bxd4 38.Bxd4 Nxh3+ 39.Kh2 Ng5 40.Kg3 Rc4 41.Bf6 Rc6 42.Rd3 Ne6
43.Be7 Rc7 44.Bf6 Rd7 45.Rc3 Rc7 46.Rd3 Rd7 47.f4 g5 48.f5 Nf4 49.Rc3 Nh5+ 50.
Kf3 Nxf6 51.Rc6 Ne8 52.Rxa6 Rc7 53.Ke4 Rc4+ 54.Kd5 Nc7+ 0-1

[Event "Individual Zaragoza Primera 2015"]
[Site ""]
[Date "2015.11.08"]
[Round "6.23"]
[White "Manguez Tomás Andrés"]
[Black "Soriano Martinez Adolfo"]
[Result "1-0"]
[WhiteElo "1744"]
[BlackElo "1476"]

1.e4 e5 2.Nf3 Nc6 3.Bc4 Bc5 4.O-O Nf6 5.d3 O-O 6.Bg5 h6 7.Bh4 a6 8.c3 Be7 9.
Re1 d6 10.h3 Be6 11.Bb3 Nh7 12.Bxe7 Qxe7 13.d4 Bxb3 14.Qxb3 Rab8 15.Nbd2 Na5
16.Qa3 Nc6 17.Nc4 Ng5 18.Nxg5 Qxg5 19.Rad1 Qf4 20.Qb3 Kh8 21.Rd3 Qf6 22.Qd1
Rbd8 23.Ne3 Ne7 24.Ng4 Qe6 25.dxe5 Rd7 26.f4 Rfd8 27.f5 Nxf5 28.exf5 Qxf5 29.
exd6 Qc5+ 30.Kh1 Rxd6 31.Rxd6 Rxd6 32.Qf3 f6 33.Qxb7 Rb6 34.Re8+ Kh7 35.Qf3
Rxb2 36.Qd3+ f5 37.Re5 Qc6 38.Qxf5+ Kg8 39.Qe6+ Qxe6 40.Rxe6 Rxa2 41.Rc6 a5
42.Rxc7 a4 43.Ne5 a3 44.Ra7 Ra1+ 45.Kh2 a2 46.Nc6 Kf8 47.Nb4 Rc1 48.Nxa2 Rc2
49.Ra3 Kf7 50.Nb4 Rc1 51.Ra7+ Kg8 52.Rc7 1-0

[Event "Individual Zaragoza Primera 2015"]
[Site ""]
[Date "2015.11.08"]
[Round "6.24"]
[White "Lorente Latorre Antonio"]
[Black "Martin Pastor Iván"]
[Result "0-1"]
[WhiteElo "1743"]
[BlackElo "1632"]

1.e4 b6 2.d4 Bb7 3.Nc3 e6 4.a3 Nf6 5.Bd3 c5 6.Be3 cxd4 7.Bxd4 Nc6 8.Be3 Ne5 9.
f3 Bc5 10.Bxc5 bxc5 11.Nh3 Qb6 12.Rb1 O-O 13.Nf2 Rad8 14.O-O d5 15.exd5 Nxd3
16.cxd3 exd5 17.Qc2 Rc8 18.Kh1 Rc7 19.Rfe1 Rfc8 20.Qe2 h6 21.Qd2 d4 22.Nce4
Nd5 23.Ng3 Qc6 24.Nf5 Qg6 25.Ng3 h5 26.Re5 Ne3 27.Rxh5 f5 28.Nh3 c4 29.Rg5 Qf6
30.Nh5 Qh6 31.Qf2 cxd3 32.Qg3 Rf7 33.N5f4 d2 34.Rg6 Rc1+ 0-1

[Event "Individual Zaragoza Primera 2015"]
[Site ""]
[Date "2015.11.08"]
[Round "6.25"]
[White "Cortés Sobrevilla Cecilio"]
[Black "Marin Fuertes Angel Maria"]
[Result "0-1"]
[WhiteElo "1664"]
[BlackElo "1871"]

1.d4 Nf6 2.Nf3 e6 3.e3 Be7 4.Bd3 O-O 5.O-O d5 6.Nbd2 Nbd7 7.c4 c5 8.b3 b6 9.
cxd5 Nxd5 10.e4 Nf4 11.Bb1 Bb7 12.Nc4 Ng6 13.d5 exd5 14.exd5 Bf6 15.Bb2 Bxb2
16.Nxb2 Nf4 17.d6 Qf6 18.Nc4 g6 19.Bc2 Rfe8 20.Ne3 Nh3+ 21.Kh1 Rad8 22.b4
Nxf2+ 23.Rxf2 Rxe3 24.Bb3 Bxf3 25.gxf3 Ne5 0-1

[Event "Individual Zaragoza Primera 2015"]
[Site ""]
[Date "2015.11.08"]
[Round "6.26"]
[White "Garcia Artal Obdulio"]
[Black "Pellicer Sancho Rafael José"]
[Result "1/2-1/2"]
[WhiteElo "1643"]
[BlackElo "1739"]

1.d4 Nf6 2.Bf4 d6 3.e3 b6 4.h3 Bb7 5.Nf3 e6 6.Be2 Nbd7 7.O-O g6 8.Nbd2 Bg7 9.
c3 O-O 10.Qc2 Re8 11.Rad1 e5 12.dxe5 dxe5 13.Bh2 c5 14.Nc4 Be4 15.Qc1 Qc7 16.
Nd6 Re6 17.Nxe4 Nxe4 18.Qc2 Nd6 19.Rd2 f6 20.Rfd1 c4 21.Bxc4 Qxc4 22.Rxd6 Rxd6
23.Rxd6 Nc5 24.b3 Qe4 25.Qxe4 Nxe4 26.Rd3 Nc5 27.Rd5 Ne4 28.c4 Nc5 29.g4 h6
30.h4 e4 31.Nd4 a6 32.Kg2 Bf8 33.f3 b5 34.fxe4 bxc4 35.bxc4 Nxe4 36.Ne6 Bb4
37.Rd7 g5 38.h5 Rc8 39.Rd8+ Rxd8 40.Nxd8 Nd2 41.Nc6 Bc5 42.Nd4 Nxc4 43.Kf3
Nd2+ 44.Ke2 Ne4 45.Nb3 Bb4 46.Nd4 Nc3+ 47.Kd3 Nxa2 48.Kc4 Bd2 49.e4 a5 50.e5
Kf7 51.exf6 Kxf6 52.Nf5 a4 53.Bd6 Nc1 54.Nxh6 Bf4 55.Nf5 Ne2 56.Be7+ Kf7 57.
Ba3 Be5 58.Kb4 Nf4 59.Kxa4 Nxh5 60.gxh5 Kf6 61.Ne3 1/2-1/2

[Event "Individual Zaragoza Primera 2015"]
[Site ""]
[Date "2015.11.08"]
[Round "6.27"]
[White "Manguez Cambra José Luis"]
[Black "Vallejo Blasco Arturo"]
[Result "0-1"]
[WhiteElo "1712"]
[BlackElo "1662"]

1.d4 d6 2.e4 a6 3.Nc3 g6 4.Be2 Bg7 5.Bg5 b5 6.a3 Bb7 7.Bf3 Nd7 8.Nge2 Ngf6 9.
O-O O-O 10.Qd2 c5 11.Bh6 cxd4 12.Bxg7 dxc3 13.Nxc3 Kxg7 14.Rfe1 Ne5 15.Bd1 Rc8
16.h4 h5 17.Qg5 Qb6 18.Nd5 Bxd5 19.exd5 Qd4 20.c3 Qxd5 21.Bc2 Qc5 22.Rad1 a5
23.Rd4 Rb8 0-1

[Event "Individual Zaragoza Primera 2015"]
[Site ""]
[Date "2015.11.08"]
[Round "6.28"]
[White "Argueso Palomino Manuel"]
[Black "Abenia Porroche Roberto"]
[Result "1/2-1/2"]
[WhiteElo "1709"]
[BlackElo "1634"]

1.d4 d5 2.Nf3 Nf6 3.Bf4 g6 4.e3 Bg7 5.Bd3 Nbd7 6.Nbd2 Nh5 7.Bg5 c5 8.c3 Qb6 9.
Rb1 e5 10.dxe5 Nxe5 11.Nxe5 Bxe5 12.Qf3 Be6 13.O-O O-O 14.g4 Ng7 15.Qh3 f5 16.
gxf5 Nxf5 17.Qg2 Bg7 18.e4 dxe4 19.Bxe4 Bxa2 20.Bd5+ Bxd5 21.Qxd5+ Kh8 22.Nc4
Qc7 23.Rfe1 Rae8 24.h4 h6 25.Be3 Nxh4 26.Nd2 b6 27.Ra1 Qf7 28.Qh1 Nf5 29.Qf3
Nxe3 30.Qxf7 Rxf7 31.fxe3 a5 32.Nc4 Re6 33.Rad1 Bf6 34.Rd6 Rxd6 35.Nxd6 Rd7
36.Nc4 Bd8 37.e4 Bc7 38.e5 b5 39.e6 Re7 40.Na3 b4 41.Nb5 Bb8 42.cxb4 axb4 43.
Kf2 Kg7 44.Kf3 Kf6 45.Rc1 Rxe6 46.Rxc5 Be5 47.b3 Bd6 48.Rd5 Bh2 49.Nd4 Rd6 50.
Ke4 Rxd5 51.Kxd5 Bg3 52.Nc2 h5 53.Nxb4 h4 54.Ke4 h3 55.Kf3 h2 56.Kg2 g5 57.
Nd5+ Ke5 58.Ne3 Bf4 59.Ng4+ Kd4 60.Nxh2 Kc3 61.Nf3 g4 62.Nh2 1/2-1/2

[Event "Individual Zaragoza Primera 2015"]
[Site ""]
[Date "2015.11.08"]
[Round "6.29"]
[White "Lozano Velez De Mendizábal Francisco"]
[Black "Arteaga Jimenez Francisco"]
[Result "0-1"]
[WhiteElo "1694"]
[BlackElo "1622"]

1.d4 Nf6 2.Nf3 g6 3.c4 Bg7 4.Nc3 d6 5.e4 O-O 6.Be2 c6 7.e5 dxe5 8.dxe5 Qxd1+
9.Bxd1 Ng4 10.O-O Nxe5 11.Re1 Nxf3+ 12.Bxf3 e5 13.Bg5 f6 14.Be3 f5 15.Bc5 Re8
16.Rad1 Be6 17.Rd2 Nd7 18.Ba3 Rad8 19.Red1 Bf6 20.Na4 e4 21.Be2 Nb6 22.Nc5
Rxd2 23.Rxd2 Bxc4 24.Nxb7 Bxe2 25.Rxe2 Nc4 26.Bc5 Nxb2 27.Rd2 Nd3 28.Rc2 Rb8
29.g3 Rxb7 30.Be3 Rb1+ 0-1

[Event "Individual Zaragoza Primera 2015"]
[Site ""]
[Date "2015.11.08"]
[Round "6.30"]
[White "Miranda Herrera Jorge Manuel"]
[Black "Balabán Adrián"]
[Result "0-1"]
[WhiteElo "1574"]
[BlackElo "1690"]

1.e4 e5 2.Nf3 Nc6 3.Bc4 Bc5 4.O-O Nf6 5.d4 Bxd4 6.Nxd4 Nxd4 7.f4 Nc6 8.Nc3 O-O
9.f5 Na5 10.Be2 c6 11.Kh1 b5 12.b4 Nc4 13.Bg5 Qb6 14.Rf3 Ng4 15.Qe1 f6 16.Bc1
Nge3 17.Bd3 d5 18.Rh3 Ng4 19.Nd1 dxe4 20.Bxe4 Rd8 21.Ne3 Ncxe3 22.Bxe3 Nxe3
23.Qxe3 Qxe3 24.Rxe3 Bb7 25.Kg1 Rd4 26.c3 Rd6 27.Rd3 Rad8 28.Rad1 Rxd3 29.Bxd3
Kf8 30.Kf2 Ke7 31.Ke2 Rd6 32.a4 a6 33.h4 e4 34.Bc2 Rxd1 35.Bxd1 Kd6 36.Ke3 Ke5
37.g4 g6 38.fxg6 hxg6 39.h5 gxh5 40.gxh5 f5 41.h6 Kf6 42.h7 Kg7 43.h8=Q+ Kxh8
44.Kf4 Bc8 45.a5 Kg7 46.Be2 Kf6 47.c4 Ke6 48.Bf1 Kd6 49.Be2 Be6 50.cxb5 cxb5
51.Bd1 Bc4 52.Bh5 Kd5 53.Be8 Kd4 54.Bd7 e3 55.Kf3 e2 56.Kf2 Bd3 57.Bc8 Kc3 58.
Ke1 Kxb4 59.Bxa6 Kxa5 0-1

[Event "Individual Zaragoza Primera 2015"]
[Site ""]
[Date "2015.11.08"]
[Round "6.31"]
[White "Garcia Estruch Mauricio"]
[Black "Budria Gimenez Daniel"]
[Result "0-1"]
[WhiteElo "1275"]
[BlackElo "1681"]

1.Nf3 Nf6 2.c4 d6 3.Nc3 g6 4.g3 Bg7 5.Bg2 O-O 6.O-O Be6 7.d3 c6 8.e4 Na6 9.Qe2
Nc7 10.d4 Qc8 11.e5 Nfe8 12.Bf4 Bh3 13.d5 Bxg2 14.Kxg2 Qd7 15.Rad1 cxd5 16.
cxd5 Rd8 17.Ng5 dxe5 18.Bxe5 f6 19.Bxc7 Nxc7 20.Ne6 Nxe6 21.dxe6 Qc6+ 22.Kg1
f5 23.Rd3 Rd6 24.Rxd6 Qxd6 25.Rd1 Qb6 26.Rd7 Bf6 27.Nd5 Qxb2 28.Qxb2 Bxb2 29.
Rxe7 Rd8 30.Rd7 Re8 31.Nf6+ Bxf6 32.Rxb7 Re7 33.Rb8+ Kg7 34.Kg2 Rxe6 35.a4 Re7
36.Kf3 Bd4 37.Rd8 Bb6 38.Rd5 Kf6 39.a5 Bc7 40.Rc5 Bd8 41.Rb5 a6 42.Rd5 Bc7 43.
Rc5 Kf7 44.h3 Ke8 45.Rc6 Bxa5 46.Rxa6 Bd8 47.Ra8 Rd7 48.Ke3 Kf7 49.Ke2 Bg5 50.
Kf3 Rd3+ 51.Ke2 Rd2+ 52.Kf3 Ke6 53.Ra7 h6 54.Rg7 Kf6 55.Rg8 h5 56.h4 Bh6 57.
Re8 Ra2 58.Re1 Bf8 59.Rc1 Bd6 60.Rc8 Ke5 61.Rg8 Kf6 62.Rc8 Ke5 63.Rg8 Bc5 64.
Re8+ Kf6 65.Rg8 0-1

[Event "Individual Zaragoza Primera 2015"]
[Site ""]
[Date "2015.11.08"]
[Round "6.32"]
[White "Molla Lorente Joaquín"]
[Black "Lanaspa Ballesteros Federico"]
[Result "1-0"]
[WhiteElo "1666"]
[BlackElo "1476"]

1.e4 e5 2.Nf3 Nc6 3.Bb5 a6 4.Ba4 Nf6 5.O-O b5 6.Bb3 Be7 7.d4 exd4 8.e5 Ne4 9.
Bd5 Ng5 10.Nxd4 Bb7 11.Nf5 Na5 12.Bxb7 Nxb7 13.Nxg7+ Kf8 14.Nf5 h5 15.h4 Ne4
16.Qd5 Nbc5 17.b4 c6 18.Qd4 d5 19.Nxe7 Ne6 20.Nxc6 Rc8 21.Qxe4 Rxc6 22.Qd3 Rc4
23.g3 Rd4 24.Qb3 Rg4 25.Kh2 Nd4 26.Qd3 Nxc2 27.Qxc2 Rxh4+ 28.Kg2 Qd7 29.Rh1
Rc4 30.Qe2 Qg4 31.Qf3 h4 32.Qxg4 Rxg4 33.Bf4 d4 34.Nd2 Ke7 35.Nf3 d3 36.Rad1
Rhg8 37.Rxh4 1-0

[Event "Individual Zaragoza Primera 2015"]
[Site ""]
[Date "2015.11.08"]
[Round "6.33"]
[White "Vallejo Blasco Marta"]
[Black "Muro Guerrero Miguel"]
[Result "1-0"]
[WhiteElo "1471"]
[BlackElo "1664"]

1.b3 e6 2.Bb2 Nf6 3.e3 Bd6 4.f4 c6 5.Nf3 Bc7 6.Bd3 d5 7.Nc3 Nbd7 8.O-O Nc5 9.
Be2 Bd7 10.Qe1 Qe7 11.Qg3 Rg8 12.a4 Nce4 13.Nxe4 Nxe4 14.Qe1 O-O-O 15.Bd3 h6
16.a5 g5 17.Ne5 gxf4 18.exf4 f5 19.Bxe4 dxe4 20.Qf2 b6 21.axb6 Bxb6 22.Bd4 c5
23.Be3 Be8 24.b4 cxb4 25.Bxb6 axb6 26.Qxb6 Qb7 27.Qxe6+ Bd7 28.Nxd7 Qxd7 29.
Ra8+ Kc7 30.Ra7+ 1-0

[Event "Individual Zaragoza Primera 2015"]
[Site ""]
[Date "2015.11.08"]
[Round "6.34"]
[White "Arbiol Val Sergio"]
[Black "Redolar Cortés Angel"]
[Result "0-1"]
[WhiteElo "1638"]
[BlackElo "1567"]

1.e4 e6 2.d4 d5 3.exd5 exd5 4.Bd3 Nf6 5.Bf4 Bd6 6.Qe2+ Be6 7.Bxd6 Qxd6 8.Nf3
Nc6 9.O-O O-O-O 10.c3 Bg4 11.Na3 Nh5 12.Rfe1 Qf4 13.Qc2 Bxf3 14.Bf5+ Kb8 15.
gxf3 g6 16.Bg4 Qg5 17.Kh1 Nf4 18.Rg1 Qf6 19.Rg3 h5 20.Bh3 h4 21.Rg4 Nxh3 22.
Kg2 Nf4+ 23.Kf1 h3 24.b4 Ng2 25.b5 Na5 26.Qa4 Nc4 27.Nxc4 dxc4 28.Rb1 Ne3+ 0-1

[Event "Individual Zaragoza Primera 2015"]
[Site ""]
[Date "2015.11.08"]
[Round "6.35"]
[White "Reguera Campillo Moises"]
[Black "Zubialde Ayala Gonzalo"]
[Result "0-1"]
[WhiteElo "1593"]
[BlackElo "1851"]

1.e4 e5 2.Nf3 Nc6 3.Bb5 a6 4.Ba4 b5 5.Bb3 Na5 6.O-O d6 7.c3 Nxb3 8.axb3 Nf6 9.
d3 Be7 10.h3 Bb7 11.Qc2 c5 12.c4 O-O 13.Nc3 b4 14.Nd5 Nxd5 15.exd5 f5 16.Re1
f4 17.Nd2 Rf6 18.Ne4 Rg6 19.f3 Bc8 20.Kf1 Bh4 21.Re2 Bg3 22.Bd2 Qh4 23.Nxg3
Qxg3 24.Rf2 Bxh3 25.Ke2 Bxg2 26.Re1 h5 27.Qd1 Qh2 28.Ref1 Rg3 29.Be1 Bxf1+ 30.
Kxf1 Qg1+ 31.Ke2 Rg2 32.Rxg2 Qxg2+ 33.Bf2 h4 34.Qf1 Qxf1+ 35.Kxf1 g5 36.Kg2
Kf7 37.Kf1 Kg6 38.Ke2 Rh8 39.Bg1 Kf5 40.Bh2 g4 41.Bg1 g3 42.Kd2 h3 43.d4 exd4
44.Kc2 h2 45.Bxh2 gxh2 46.Kb1 h1=Q+ 47.Ka2 Qg2 0-1

[Event "Individual Zaragoza Primera 2015"]
[Site ""]
[Date "2015.11.08"]
[Round "6.36"]
[White "Laborda Pérez José Antonio"]
[Black "Pérez Bella José Maria"]
[Result "1/2-1/2"]
[WhiteElo "1588"]
[BlackElo "1604"]

1.d4 c5 2.Nf3 cxd4 3.Nxd4 Nc6 4.Nxc6 bxc6 5.e3 Qb6 6.Be2 Nf6 7.O-O e6 8.Nd2 d5
9.Nf3 Bd6 10.a3 O-O 11.b3 Qc7 12.Bb2 Ng4 13.g3 Ne5 14.Nxe5 Bxe5 15.Bxe5 Qxe5
16.Bf3 Ba6 17.Be2 1/2-1/2

[Event "Individual Zaragoza Primera 2015"]
[Site ""]
[Date "2015.11.08"]
[Round "6.37"]
[White "Sedano Jover Adrián"]
[Black "Sanz Navarro Alberto"]
[Result "1-0"]
[WhiteElo "1534"]
[BlackElo "1600"]

1.d4 d5 2.Nf3 Nf6 3.c4 e6 4.Nc3 c5 5.cxd5 cxd4 6.Qxd4 exd5 7.Bg5 Be6 8.Bxf6
gxf6 9.e4 Nc6 10.Bb5 Rc8 11.exd5 a6 12.Bxc6+ bxc6 13.dxe6 fxe6 14.Qe3 Kf7 15.
Rd1 Qa5 16.Rd7+ Be7 17.Nd4 e5 18.Nf5 Rhe8 19.Nd6+ Ke6 20.Qh3+ 1-0

[Event "Individual Zaragoza Primera 2015"]
[Site ""]
[Date "2015.11.08"]
[Round "6.38"]
[White "Lluciá Marco Luis"]
[Black "Sanchez Diaz Vicente"]
[Result "1-0"]
[WhiteElo "1583"]
[BlackElo "1683"]

1.Nf3 b6 2.e4 Bb7 3.Nc3 d6 4.d4 e6 5.Bd3 Ne7 6.O-O g6 7.Be3 Bg7 8.Qd2 O-O 9.
Bh6 Nd7 10.Bxg7 Kxg7 11.Qf4 a6 12.Rfe1 d5 13.e5 c5 14.Ne2 c4 15.Ng3 cxd3 16.
Nh5+ gxh5 17.Qg5+ Ng6 18.Qxh5 h6 19.Re3 dxc2 20.g3 Rc8 21.Rc1 a5 22.h4 b5 23.
g4 Rh8 24.g5 hxg5 25.Qg4 gxh4 26.Ng5 Ndf8 27.Rf3 Rc7 28.Rf6 Bc8 29.Kh2 Nh7 30.
Nxf7 Rxf7 31.Qxg6+ 1-0

[Event "Individual Zaragoza Primera 2015"]
[Site ""]
[Date "2015.11.08"]
[Round "6.39"]
[White "De Pablo Raga Tomás"]
[Black "Liarte Marinoso Aaron"]
[Result "0-1"]
[WhiteElo "1567"]
[BlackElo "1656"]

1.c4 e5 2.Nc3 Nf6 3.g3 c6 4.Bg2 Bc5 5.Ne4 Nxe4 6.Bxe4 d5 7.cxd5 cxd5 8.Bg2 Qf6
9.e3 e4 10.d4 Bd6 11.Bd2 O-O 12.Rc1 Nc6 13.a3 Re8 14.Ne2 Bg4 15.O-O Qf5 16.Qe1
Re6 17.Bc3 Rh6 18.Nf4 Bxf4 19.exf4 Bh3 20.Qe2 Bxg2 21.Kxg2 Qh3+ 0-1

[Event "Individual Zaragoza Primera 2015"]
[Site ""]
[Date "2015.11.08"]
[Round "6.40"]
[White "Requena Briones Rafael Marian"]
[Black "Celma Pueyo Ramón"]
[Result "0-1"]
[WhiteElo "1615"]
[BlackElo "1594"]

1.e4 e5 2.Nf3 Nc6 3.Bc4 Be7 4.Nc3 Nf6 5.d4 exd4 6.Nxd4 Ne5 7.Bb3 d6 8.O-O O-O
9.a3 c6 10.h3 d5 11.exd5 Nxd5 12.Nxd5 cxd5 13.c3 Be6 14.f4 Nc6 15.Be3 Bc5 16.
f5 Bc8 17.Bc2 Re8 18.Qd2 Qf6 19.Rf3 Ne5 20.Rg3 Nc4 21.Bg5 Qe5 22.Bf4 Nxd2 23.
Bxe5 Rxe5 24.f6 g6 25.Rd3 Nc4 26.b4 Bb6 27.a4 Bf5 28.a5 Bxd4+ 29.cxd4 Bxd3 30.
Bxd3 Re3 31.Bxc4 dxc4 32.Rd1 Rd3 33.Re1 Rxd4 34.Re7 b5 35.axb6 axb6 36.Rb7 c3
37.Rxb6 Rc4 38.b5 c2 0-1

[Event "Individual Zaragoza Primera 2015"]
[Site ""]
[Date "2015.11.08"]
[Round "6.41"]
[White "Jardiel Dobato David"]
[Black "Sanchez Pérez Carlos"]
[Result "1-0"]
[WhiteElo "1724"]
[BlackElo "1534"]

1.e4 e5 2.Nf3 Nc6 3.Nc3 d6 4.d4 exd4 5.Nxd4 Bd7 6.Nxc6 Bxc6 7.Bd3 Nf6 8.O-O
Be7 9.Re1 Qd7 10.Qe2 O-O 11.Nb5 Rfe8 12.Nd4 a6 13.b3 b5 14.Bb2 Bb7 15.Nf5 Bf8
16.Qf3 g6 17.Nh6+ Kg7 18.Qf4 Re6 19.Re3 Be7 20.Ng4 Qd8 21.Qh6+ Kg8 22.Rh3 Nh5
23.Rxh5 Bf6 24.Qxh7+ Kf8 25.Bxf6 Rxf6 26.Qh8+ Ke7 27.Qxf6+ Kd7 28.Qxf7+ Kc6
29.Qxg6 Kb6 30.e5 Rc8 31.e6 Qe7 32.Rh7 Qe8 33.Qxe8 Rxe8 34.e7 Bc6 35.Re1 1-0

[Event "Individual Zaragoza Primera 2015"]
[Site ""]
[Date "2015.11.08"]
[Round "6.42"]
[White "Maisterra Merino Aaron"]
[Black "Valladolid Martin Luis"]
[Result "1/2-1/2"]
[WhiteElo "1449"]
[BlackElo "1593"]

1.e4 e5 2.Nf3 Nf6 3.Nc3 Nc6 4.Bc4 Bc5 5.O-O O-O 6.a3 d6 7.h3 Be6 8.Bb5 a6 9.
Ba4 b5 10.Bb3 Bxb3 11.cxb3 Nd4 12.d3 Qc8 13.Nxd4 Bxd4 14.Kh2 Qe6 15.Be3 c5 16.
Bxd4 cxd4 17.Ne2 Nd7 18.b4 f5 19.exf5 Rxf5 20.Ng3 Rf7 21.Ne4 h6 22.Rc1 d5 23.
Nc5 Nxc5 24.bxc5 Rc8 25.b4 Rcf8 26.Rc2 Qc6 27.Re2 Re8 28.Rfe1 Rfe7 29.f4 Qf6
30.fxe5 Rxe5 31.Rxe5 Rxe5 32.Rxe5 Qxe5+ 33.g3 Kf7 1/2-1/2

[Event "Individual Zaragoza Primera 2015"]
[Site ""]
[Date "2015.11.15"]
[Round "7.1"]
[White "Carruez Gracia Eduardo"]
[Black "Garcia Estruch Jorge"]
[Result "1-0"]
[WhiteElo "1706"]
[BlackElo "1847"]

1.e4 e5 2.Nf3 Nc6 3.Bb5 g6 4.d3 Bg7 5.c3 d6 6.Nbd2 Ne7 7.Nf1 O-O 8.Ng3 a6 9.
Ba4 b5 10.Bc2 Na5 11.O-O c5 12.d4 Qc7 13.d5 Nc4 14.b3 Nb6 15.Bd2 a5 16.Qc1 f5
17.Bh6 f4 18.Bxg7 Kxg7 19.Nh1 Bg4 20.Bd1 h6 21.Nxe5 Bxd1 22.Rxd1 dxe5 23.d6
Qd7 24.dxe7 Qxe7 25.f3 c4 26.Qc2 Rad8 27.Nf2 Qc5 28.Kh1 Rc8 29.Rac1 Rf7 30.Qb2
Rfc7 31.h3 b4 32.cxb4 Qxb4 33.Qxe5+ Kh7 34.Ng4 Rf7 35.Nf6+ Rxf6 36.Qxf6 Rf8
37.Qc3 Qc5 38.Qd4 1-0

[Event "Individual Zaragoza Primera 2015"]
[Site ""]
[Date "2015.11.15"]
[Round "7.2"]
[White "Sanchez Vallés José Maria"]
[Black "Santos Morales Julio César"]
[Result "1/2-1/2"]
[WhiteElo "1782"]
[BlackElo "1837"]

1.e4 c6 2.Nf3 d5 3.Nc3 Bg4 4.d4 dxe4 5.Nxe4 Nf6 6.Nxf6+ exf6 7.Be2 Bd6 8.O-O
O-O 9.Qd3 Qc8 10.Be3 Bf5 11.Qd2 a5 12.c4 c5 13.d5 Nd7 14.Nh4 Ne5 15.Nxf5 Qxf5
16.f4 Ng4 17.Bxg4 Qxg4 18.Qd1 Qf5 19.Qb1 Qg4 20.h3 Qd7 21.Qd3 f5 22.Rae1 Rfe8
23.Bd2 b6 24.Qg3 Re4 25.Bc3 g6 26.Qg5 Be7 27.Bf6 Bxf6 28.Qxf6 Rxc4 29.Re7 Qxd5
30.Rfe1 Qd4+ 31.Qxd4 Rxd4 32.Rb7 Rxf4 33.Ree7 Rf8 34.a3 Re4 35.Rec7 Re6 36.b3
Rf6 37.b4 cxb4 38.axb4 axb4 39.Rc4 Rd8 40.Rxb4 Rdd6 41.Kf2 Kg7 42.Rc4 Rc6 43.
Rd4 Rfd6 44.Rb4 Rc2+ 45.Kf3 g5 46.Rb3 Rdc6 47.R7xb6 R6c3+ 48.Rxc3 Rxc3+ 49.Kf2
f4 50.Ra6 Re3 51.Rb6 f6 52.Rc6 Kg6 53.Rb6 h5 54.Rb5 Re5 55.Rb6 Kf5 56.Rb4 Rc5
57.Rb2 g4 58.Rb3 Rc2+ 59.Kf1 gxh3 60.Rxh3 Kg4 61.Ra3 Rc6 62.Rb3 Re6 63.Kf2 Rc6
64.Rb2 h4 65.Rb3 Re6 66.Ra3 Re3 67.Ra8 Re5 68.Ra3 Rh5 69.Rb3 Rh8 70.Ra3 Rb8
71.Rc3 Rb2+ 72.Kg1 Rb1+ 73.Kf2 Rh1 74.Ra3 Rc1 75.Rb3 Rd1 76.Ra3 Rd2+ 77.Kf1
Rd5 78.Rb3 f3 79.gxf3+ Kg3 80.f4+ Kxf4 81.Rb4+ Kg3 82.Rb3+ Kg4 83.Rb4+ Kg5 84.
Kg2 Rd3 85.Rb8 Rg3+ 86.Kh2 f5 87.Rh8 Kg4 88.Rg8+ Kf3 89.Rf8 f4 90.Rh8 Rg2+ 91.
Kh3 Rg1 92.Kh2 Kf2 93.Rxh4 f3 94.Ra4 Re1 95.Ra3 Re8 96.Ra2+ Re2 97.Ra1 Rd2 98.
Rb1 Ra2 99.Rc1 Rd2 100.Rb1 Rd8 101.Rb2+ Ke1 102.Kg3 f2 103.Rb1+ 1/2-1/2

[Event "Individual Zaragoza Primera 2015"]
[Site ""]
[Date "2015.11.15"]
[Round "7.3"]
[White "Miranda Garcia Eduardo"]
[Black "Lorente Aguar Ruben"]
[Result "1/2-1/2"]
[WhiteElo "1765"]
[BlackElo "1668"]

1.e4 e5 2.Nf3 Nc6 3.Bb5 Nf6 4.O-O d6 5.d4 exd4 6.Nxd4 Bd7 7.Re1 Be7 8.Nc3 a6
9.Nxc6 Bxc6 10.Bxc6+ bxc6 11.Bg5 Nd7 12.Bxe7 Qxe7 13.f4 O-O 14.Qf3 Rab8 15.b3
Rfe8 16.Re2 d5 17.e5 Qc5+ 18.Kf1 Re6 19.Rd1 Rbe8 20.Qd3 f6 21.exf6 Nxf6 22.
Rde1 Rxe2 23.Rxe2 Rxe2 24.Nxe2 Ng4 25.Nd4 Nxh2+ 26.Ke2 Qe7+ 27.Qe3 Qxe3+ 28.
Kxe3 Kf7 29.Nxc6 Ke6 30.Kd4 Kf5 31.Ne7+ Kxf4 32.Nxd5+ Kg3 33.Nxc7 Kxg2 34.Ne6
Nf3+ 35.Kd5 g5 36.c4 h5 37.c5 h4 38.c6 h3 39.c7 h2 40.c8=Q h1=Q 41.Qxa6 Qd1+
42.Ke4 Qe1+ 43.Kf5 Qe5+ 44.Kg6 Qe4+ 1/2-1/2

[Event "Individual Zaragoza Primera 2015"]
[Site ""]
[Date "2015.11.15"]
[Round "7.4"]
[White "Nedov Octavian"]
[Black "Monge Arrufat José Miguel"]
[Result "0-1"]
[WhiteElo "1814"]
[BlackElo "1661"]

1.d4 g6 2.e4 Bg7 3.Bc4 d6 4.Qf3 Nf6 5.e5 dxe5 6.Qb3 O-O 7.dxe5 Ng4 8.Nf3 Nxe5
9.Nxe5 Bxe5 10.Nc3 Nc6 11.Bh6 Nd4 12.Qa4 Bd7 13.Bb5 Nxb5 14.Nxb5 Bxb2 15.Rd1
Qe8 16.Qb3 Bxb5 17.Qxb2 f6 18.Bxf8 Kxf8 19.f3 Qc6 20.Rd4 Bc4 21.Kd2 b5 22.Re1
e5 23.Rde4 Rd8+ 24.Kc1 Qd5 25.Qb4+ c5 26.Qc3 Bxa2 27.f4 b4 28.Qe3 b3 29.cxb3
Bxb3 30.fxe5 f5 31.Qh6+ Kg8 32.Rh4 Rd7 33.Qg5 f4 34.Rh3 Qd2+ 0-1

[Event "Individual Zaragoza Primera 2015"]
[Site ""]
[Date "2015.11.15"]
[Round "7.5"]
[White "Landa Garriga Francisco Javier"]
[Black "Teresa Moya Alejandro"]
[Result "1-0"]
[WhiteElo "1838"]
[BlackElo "1751"]

1.e4 e5 2.Nf3 d6 3.d4 Nd7 4.Bc4 c6 5.O-O Be7 6.c3 Ngf6 7.Re1 O-O 8.Nbd2 b5 9.
Bb3 Bb7 10.Nf1 c5 11.d5 c4 12.Bc2 Nc5 13.Ng3 Bc8 14.h3 Qc7 15.Ng5 h6 16.Nf3
Kh7 17.Nh4 g6 18.Qd2 Ng8 19.Nf3 f5 20.exf5 gxf5 21.Qe2 e4 22.Nd4 Bd7 23.Ngxf5
Bxf5 24.Nxf5 Rxf5 25.Bxe4 Nxe4 26.Qxe4 Qd7 27.g4 Rf8 28.gxf5 Nf6 29.Qxe7+ 1-0